000 00980cam a22002894a 4500
001 2439
005 20231208141810.0
020 _a0439395623 (pbk.)
040 _aOCO
_cOCO
_dDLC
050 0 0 _aPZ7.W539
_bBar 2004
082 0 0 _a[Fic]
_222
100 1 _aWeyn, Suzanne.
245 1 4 _aThe bar code tattoo /
_cSuzanne Weyn.
260 _aNew York :
_bScholastic,
_c2004
300 _a252 pages ;
_c18 cm
490 _3The Bar Code Tattoo Trilogy
_aBook 1
505 _aM
520 _aThings for Kayla progress from bad, as in being told her computer grades disqualify her from an art scholarship, to worse, when she refuses to accept an identification bar code tattoo on her seventeenth birthday.
521 _a720
_bLexile
521 _aM
_bRaz-Plus
650 1 _aIdentity
_vFiction.
650 1 _aConformity
_vFiction.
650 1 _aHigh schools
_vFiction.
650 1 _aScience fiction.
906 _a7
_bcbc
_ccopycat
_d2
_encip
_f20
_gy-gencatlg
942 _2ddc
_cBK
_n0
999 _c2439
_d2439